Menič pre reguláciu rýchlosti jednosmerného motora
Salvato in:
| Autore principale: | |
|---|---|
| Altri autori: | |
| Natura: | Manoscritto Libro |
| Lingua: | slovacco |
| Pubblicazione: |
Bratislava :
STU v Bratislave FEI,
2023
|
| Soggetti: | |
| Accesso online: | https://opac.crzp.sk/?fn=detailBiblioFormChildYD1&sid=925BFB95FAA30F229095CC019F0C&seo=CRZP-detail-kniha |
| Tags: |
Nessun Tag, puoi essere il primo ad aggiungerne!!
|
MARC
| LEADER | 00000ntm a22000003a 4500 | ||
|---|---|---|---|
| 001 | stuzp91290 | ||
| 003 | SK-STU | ||
| 005 | 20241118102354.9 | ||
| 007 | ta | ||
| 008 | 150427s2015----xo-----f-mn---000-0-slo-d | ||
| 040 | |a STU |b slo | ||
| 041 | 0 | |a slo | |
| 044 | |a xo | ||
| 100 | 1 | |a Faltýnek, Radomír |u 034000 |4 aut |U FEI Fakulta elektrotechniky a informatiky |T FEI Ústav elektrotechniky |X 111036 |U E040 |Y 550 |7 111036 | |
| 242 | 0 | 1 | |a DC Motor Speed Controller |y eng |
| 245 | 1 | 0 | |a Menič pre reguláciu rýchlosti jednosmerného motora |
| 260 | |a Bratislava : |b STU v Bratislave FEI, |c 2023 | ||
| 300 | |a 69 s. | ||
| 650 | 4 | |a 4 kvadrantový menič |2 slo | |
| 650 | 4 | |a DC motor |2 slo | |
| 650 | 4 | |a ESP32 |2 slo | |
| 650 | 4 | |a IR2110 |2 slo | |
| 650 | 4 | |a 4 quadrant convertor |2 eng | |
| 650 | 4 | |a DC motor |2 eng | |
| 650 | 4 | |a IR2110 |2 eng | |
| 650 | 4 | |a ESP32 |2 eng | |
| 700 | 1 | |a Halgoš, Ján |u 034000 |k Z2 |4 ths |U FEI Fakulta elektrotechniky a informatiky |T FEI Ústav elektrotechniky |X 90059 |U E040 |Y 550 |7 90059 | |
| 856 | 4 | |u https://opac.crzp.sk/?fn=detailBiblioFormChildYD1&sid=925BFB95FAA30F229095CC019F0C&seo=CRZP-detail-kniha | |